<?xml version="1.0" encoding="UTF-8"?>
<record
    xmlns:xsi="http://www.w3.org/2001/XMLSchema-instance"
    xsi:schemaLocation="http://www.loc.gov/MARC21/slim http://www.loc.gov/standards/marcxml/schema/MARC21slim.xsd"
    xmlns="http://www.loc.gov/MARC21/slim">

  <leader>01464njm a22003137a 4500</leader>
  <controlfield tag="005">20100921102640.0</controlfield>
  <controlfield tag="007">sd ammalaaahaa</controlfield>
  <controlfield tag="008">100918t        xxu||||| |||| 00| 0 hin d</controlfield>
  <datafield tag="028" ind1=" " ind2=" ">
    <subfield code="a">2392 945</subfield>
    <subfield code="b">MUSIC INDIA</subfield>
  </datafield>
  <datafield tag="028" ind1=" " ind2=" ">
    <subfield code="a">2392 945</subfield>
    <subfield code="b">MUSIC INDIA</subfield>
  </datafield>
  <datafield tag="028" ind1=" " ind2=" ">
    <subfield code="a">2392 945</subfield>
    <subfield code="b">MUSIC INDIA</subfield>
  </datafield>
  <datafield tag="035" ind1=" " ind2=" ">
    <subfield code="a">GR-04422</subfield>
  </datafield>
  <datafield tag="040" ind1=" " ind2=" ">
    <subfield code="a">SED/VEN</subfield>
  </datafield>
  <datafield tag="100" ind1=" " ind2=" ">
    <subfield code="9">20657</subfield>
    <subfield code="a">Sudha, Vijay Singh</subfield>
  </datafield>
  <datafield tag="245" ind1=" " ind2=" ">
    <subfield code="a">Prem Mohini (Part-1) </subfield>
    <subfield code="c">by Sudha, Vijay Singh; Music by Raghunath Singh; Lyric by Jagatguru Kripaluji</subfield>
    <subfield code="h">[sound recording] :</subfield>
    <subfield code="b">Hindi Bhajan /</subfield>
  </datafield>
  <datafield tag="246" ind1=" " ind2=" ">
    <subfield code="a">&#x92A;&#x94D;&#x930;&#x947;&#x92E; &#x92E;&#x94B;&#x939;&#x93F;&#x928;&#x940; (&#x938;&#x941;&#x927;&#x93E; &#x935;&#x93F;&#x91C;&#x92F; &#x938;&#x93F;&#x902;&#x939;)</subfield>
  </datafield>
  <datafield tag="260" ind1=" " ind2=" ">
    <subfield code="a">Dum Dum, India</subfield>
    <subfield code="b">MUSIC INDIA</subfield>
    <subfield code="c">1981</subfield>
  </datafield>
  <datafield tag="300" ind1=" " ind2=" ">
    <subfield code="a">1 sound disc [Gramophone record] :</subfield>
    <subfield code="b">analog, 331/3 rpm </subfield>
    <subfield code="c">12 in. (LP)</subfield>
    <subfield code="f">Gramophone Record</subfield>
  </datafield>
  <datafield tag="500" ind1=" " ind2=" ">
    <subfield code="a">Brief Record</subfield>
  </datafield>
  <datafield tag="500" ind1=" " ind2=" ">
    <subfield code="a">Record Labels: MUSIC INDIA, Red</subfield>
  </datafield>
  <datafield tag="505" ind1=" " ind2=" ">
    <subfield code="a">&#x92D;&#x91C;&#x928; &#x938;&#x93E;&#x907;&#x921;-1; &#x928;&#x928;&#x94D;&#x926; &#x932;&#x93E;&#x932; &#x92A;&#x94D;&#x92F;&#x93E;&#x930;&#x947; &#x92F;&#x936;&#x941;&#x926;&#x93E; &#x926;&#x941;&#x932;&#x93E;&#x930;&#x947; (&#x92A;&#x94D;&#x930;&#x947;&#x92E; &#x92E;&#x94B;&#x939;&#x93F;&#x928;&#x940;) (&#x938;&#x941;&#x927;&#x93E; &#x935;&#x93F;&#x91C;&#x92F; &#x938;&#x93F;&#x902;&#x939;), &#x92D;&#x91C;&#x928; &#x938;&#x93E;&#x907;&#x921;-2; &#x935;&#x943;&#x937;&#x92D;&#x93E;&#x928;&#x941; &#x932;&#x93E;&#x932;&#x940; &#x917;&#x941;&#x928; &#x917;&#x93E;&#x92F;&#x947; (&#x938;&#x941;&#x927;&#x93E; &#x935;&#x93F;&#x91C;&#x92F; &#x938;&#x93F;&#x902;&#x939;) (&#x92D;&#x93E;&#x917;-2)</subfield>
  </datafield>
  <datafield tag="600" ind1=" " ind2=" ">
    <subfield code="a">Sudha, Vijay Singh</subfield>
    <subfield code="9">20864</subfield>
  </datafield>
  <datafield tag="650" ind1=" " ind2=" ">
    <subfield code="v">Punjabi Song</subfield>
    <subfield code="x">Excerpts</subfield>
    <subfield code="z">India</subfield>
    <subfield code="9">20658</subfield>
  </datafield>
  <datafield tag="700" ind1=" " ind2=" ">
    <subfield code="a"> </subfield>
    <subfield code="9">20659</subfield>
  </datafield>
  <datafield tag="700" ind1=" " ind2=" ">
    <subfield code="9">20660</subfield>
  </datafield>
  <datafield tag="700" ind1=" " ind2=" ">
    <subfield code="9">20674</subfield>
  </datafield>
  <datafield tag="942" ind1=" " ind2=" ">
    <subfield code="2">ddc</subfield>
    <subfield code="c">GR</subfield>
  </datafield>
  <datafield tag="999" ind1=" " ind2=" ">
    <subfield code="c">47129</subfield>
    <subfield code="d">47129</subfield>
  </datafield>
  <datafield tag="952" ind1=" " ind2=" ">
    <subfield code="0">0</subfield>
    <subfield code="1">0</subfield>
    <subfield code="2">ddc</subfield>
    <subfield code="4">0</subfield>
    <subfield code="7">1</subfield>
    <subfield code="8">NFIC</subfield>
    <subfield code="a">L</subfield>
    <subfield code="b">L</subfield>
    <subfield code="c">AV</subfield>
    <subfield code="d">2010-09-21</subfield>
    <subfield code="e">SED/VEN</subfield>
    <subfield code="l">0</subfield>
    <subfield code="p">GR-04422</subfield>
    <subfield code="r">2010-09-21 00:00:00</subfield>
    <subfield code="t">1</subfield>
    <subfield code="w">2010-09-21</subfield>
    <subfield code="y">GR</subfield>
  </datafield>
</record>
